000 00948nam a2200229Ia 4500
005 20250622124039.0
008 250617s9999||||xx |||||||||||||| ||ara||
017 _a2025/1926
_bمصر. دار الكتب
020 _a9789778129953
082 0 4 _a"962,5"
_bع ن
100 0 _aعبد المجيد حسن خليل
245 1 0 _aالنوبة .. نموذج الخصوصية فى بنيان الثقافة المصرية /
_cتأليف عبد المجيد حسن خليل ؛ تقديم هبة الله عبد المجيد حسن
250 _aط1
260 3 _aالقاهرة :
_b"المكتب العربى للمعارف،"
_c2025.
300 _a124ص ؛
_b
_c24سم.
651 _aالنوبة
_x تاريخ
651 _aالنوبة
_x وصف ورحلات
651 _aمصر
_x تاريخ
_y العصر الحديث
700 0 _aهبة الله عبد المجيد حسن
_e مقدم
942 _cBK
999 _c67706
_d67706